| 000 | 00848nam a2200289 i 4500 | ||
|---|---|---|---|
| 003 | EG-GICUC | ||
| 005 | 20260303073444.0 | ||
| 008 | 260303s1950 -uk ||fr|||| 000 0 eng d | ||
| 040 |
_aEG-GiCUC _beng _cEG-GiCUC _dEG-GiCUC _erda |
||
| 041 | 0 | _aeng | |
| 082 | 0 | 4 |
_221 _a341.1 _bRE . S |
| 092 | 0 | 4 | _221 |
| 099 | _aLaw1 11 341.1 RE . S 1950 | ||
| 100 | 1 |
_aReed, Douglas _eAuthor. |
|
| 245 | 1 | 0 |
_aSomewhere South Of Suez / _c By Douglas Reed. |
| 264 | 1 |
_aLondon : _bThirty Bedford Square, _c1950. |
|
| 300 |
_a428 pages, _c24 cm |
||
| 336 |
_2rda content _atext |
||
| 337 |
_2rda media _aComputer |
||
| 338 |
_2rda carrier _aOnline Resource |
||
| 504 | _a | ||
| 546 | _aText in English | ||
| 650 | 1 | 4 | _aPublic international law |
| 856 | 4 | 0 | _uhttps://fll.law.cu.edu.eg/fulltext/bks/B11-08231.pdf |
| 905 | _a48 | ||
| 942 |
_2ddc _cBK _e21 _n0 |
||
| 999 |
_c64699 _d64699 |
||